000 01025nam a22003017a 4500
001 BR2014000043
003 BR-BrBNA
005 20230928104336.0
007 ta
008 230509b bl.||||| |||| 00| 0 por d
040 _aBR-BrBNA
_bpor
_cBiblioteca Nacional de Agricultura
041 _a(Por)
072 _aL10
_b5212
090 _ 5212 BR2014000043
100 1 _aRahme, L.S.T. do R.
110 1 _aUniversidade Federal de Minas Geais, Belo Horizonte (Brasil). Escola de Veterinária
_0Tese (Mestre em Ciência Animal)
_910834
245 1 _aEfeito do ácido linoléico conjugado na sobrevivência pós criopreservação de embriões bovinos produzidos in vitro
260 3 _aBelo Horizonte, MG (Brasil):
_c2012.
300 _a42 p.
500 _aSummaries (Eng, Por); Bibliography p. 35-42; 5 illus.; 5 tables
650 _aBOVINO
650 _aEMBRIÃO
650 _aCRIOPRESERVAÇÃO
650 _aÁCIDO LINOLÉICO
650 _aCULTURA IN VITRO
909 _a202309
_bLucia
_c55
_dLucia Elande
942 _cBK
999 _c79393
_d79393